00498 2200181 4500001002100000008004100021035002000062245007400082100002600156260002800182300002000210020002200230084001600252082001000268650001600278990001100294990001100305INLIS000000000014820 ind  a0010-1022000138 aSepuluh MenitcAbdul Malik al-Qasim;editor, Budiman Mustofa, Endang R aABDUL, Malik al-Qasim aSolo :bAl-Jadid,c2018 a142 hlmc21 cm. a978-602-8512-31-2 a297.4 ABD s a297.4 aISLAM.FIKIH a9690 a a9690 b